| 000 | 00420nam a2200181Ia 4500 | ||
|---|---|---|---|
| 001 | 24056 | ||
| 005 | 20260414151018.0 | ||
| 008 | 260414t2006||||xx |||||||||||||| ||spa|| | ||
| 041 | _aESP | ||
| 082 |
_a759.4 _bS15 2006 |
||
| 100 |
_aSagner, Karin _eAUT |
||
| 245 | 0 |
_aClaude Monet (1840-1926) _b |
|
| 260 | _c2006 | ||
| 300 |
_a220 páginas : _ccm. |
||
| 650 | _aABD | ||
| 654 | _aCAU | ||
| 942 |
_cLIB _dJUS _fJUS _2ddc _n |
||
| 999 |
_c24056 _d24056 |
||